000 00455cam a2200181ua 4500
001 6362
008 131204n ii |||gr||||Z||||||eng
040 _cMAIN
082 _a368
245 _aInsurance :
_bTheory & Practice /
_cBy M.M. Varma .
260 _aDelhi:
_bForward book depot,
_c1995.
300 _aiii,240p.
653 _aCommerce
653 _aInsurance
700 _aVarma,M.M.,
_eAuthor.,
700 _aAgarwal,R.K.,
_eAuthor.
942 _cBK
999 _c5513
_d5513